MESTSKÁ KNIŽNICA GIRALTOVCE  - online katalóg 

Ľudmila Krausová-Lakomá (Record no. 23935)

000 -NÁVESTIE
fixed length control field 01267nam a2200385 a 4500
001 - EVIDENČNÉ ČÍSLO ZÁZNAMU - Kontrolné číslo
control field vtls010481909
005 - DÁTUM A ČAS POSLEDNEJ TRANSAKCIE
control field 20250926101233.0
008 - ÚDAJE S PEVNOU DĹŽKOU – VŠEOBECNÉ INFORMÁCIE
fixed length control field 240314s2012 xo oa 000 0 slo
020 ## - MEDZINÁRODNÉ ŠTANDARDNÉ ČÍSLO KNIHY (ISBN)
Medzinárodné štandardné číslo knihy (ISBN) 9788089522026
035 ## - Iný štandardný identifikátor
Iný štandardný identifikátor 2B739B2D-E1A1-4298-A861-5B2AFB900DEE
035 ## - Iný štandardný identifikátor
Iný štandardný identifikátor urn:nbn:sk:snk-amjygv
035 ## - Iný štandardný identifikátor
Iný štandardný identifikátor urn:nbn:sk:snk-am0083vn
040 ## - ZDROJ KATALOGIZÁCIE
Pôvodná katalogizujúca agentúra SNK
Jazyk katalogizácie slo
Prepisujúca agentúra SNK
Konvencie popisu AACR2
041 0# - KÓD JAZYKA
Kód jazyka textu/zvukovej stopy alebo samostatných nápisov slo
Kód jazyka zhrnutia alebo abstraktu/titulkov alebo nápisov eng
-- ger
-- rus
044 ## - KÓD KRAJINY VYDAVATEĽA/PRODUCENTA
Kód krajiny MARC xo
Kód krajiny ISO SK
072 #7 - KÓD PREDMETOVEJ KATEGÓRIE
Kód predmetovej kategórie 75
Pododdiel kódu predmetovej kategórie Maliarstvo
Zdroj konspekt
080 ## - ČÍSLO MEDZINÁRODNÉHO DESATINNÉHO TRIEDENIA (MDT)
Číslo Medzinárodného desatinného triedenia (MDT) 75.071.1
Identifikátor vydania 2001
080 ## - ČÍSLO MEDZINÁRODNÉHO DESATINNÉHO TRIEDENIA (MDT)
Číslo Medzinárodného desatinného triedenia (MDT) (084.11)
Identifikátor vydania 2001
080 ## - ČÍSLO MEDZINÁRODNÉHO DESATINNÉHO TRIEDENIA (MDT)
Číslo Medzinárodného desatinného triedenia (MDT) (092)
Identifikátor vydania 2001
100 1# - OSOBNÉ MENÁ – VŠEOBECNÉ INFORMÁCIE
Osobné meno Žadanský, Juraj,
Dátumy súvisiace s menom 1947-
Kód roly aut
-- 4862
245 10 - NÁZOV
Názov Ľudmila Krausová-Lakomá
Údaj o zodpovednosti atď. Juraj Žadanský ; [fotografie obrazov: Marcel Hudák]
250 ## - ÚDAJ O PORADÍ VYDANIA
Údaj o poradí vydania [1. vyd.]
260 ## - VYDAVATEĽSKÉ ÚDAJE, DISTRIBÚCIA ATĎ.
Miesto publikovania, distribúcie atď. Košice
Názov vydavateľa, distibútora atď. Beki Design
Dátum publikovania, distribúcie atď. 2012
300 ## - FYZICKÝ POPIS
Rozsah 167 s.
Ďalšie fyzické detaily fotogr., ilustr.
Rozmery 31 cm
546 ## - POZNÁMKA O JAZYKU
Poznámka o jazyku Res. angl., nem., rus.
600 27 - PRIDANÝ VSTUP – PREDMET – OSOBNÉ MENO
Osobné meno Lakomá-Krausová, Ľudmila,
Dátumy súvisiace s menom 1940-
Zdroj hesla alebo termínu SNKMA
-- 4863
650 07 - PRIDANÝ VSTUP – PREDMET – TEMATICKÉ HESLO
Tematické heslo alebo geografický názov ako vstupný prvok slovenské maliarky
Zdroj hesla alebo termínu SNKPH
-- 4864
650 07 - PRIDANÝ VSTUP – PREDMET – TEMATICKÉ HESLO
Tematické heslo alebo geografický názov ako vstupný prvok Slovak women painters
Zdroj hesla alebo termínu SNKPHeng
-- 4865
655 #7 - INDEXAČNÝ TERMÍN – ŽÁNER/FORMA
Údaje o žánri/forme alebo termín, ktorý je prvok fazety biografie
Zdroj termínu SNKPH
-- 1756
655 #7 - INDEXAČNÝ TERMÍN – ŽÁNER/FORMA
Údaje o žánri/forme alebo termín, ktorý je prvok fazety obrazové publikácie
Zdroj termínu SNKPH
-- 1466
655 #7 - INDEXAČNÝ TERMÍN – ŽÁNER/FORMA
Údaje o žánri/forme alebo termín, ktorý je prvok fazety Biography
Zdroj termínu SNKPHeng
-- 1759
655 #7 - INDEXAČNÝ TERMÍN – ŽÁNER/FORMA
Údaje o žánri/forme alebo termín, ktorý je prvok fazety Pictorial works
Zdroj termínu SNKPHeng
-- 1467
700 1# - PRIDANÝ VSTUP – OSOBNÉ MENO
Osobné meno Hudák, Marcel
Kód roly pht
-- 4866
958 ## - Formálny deskriptor
Formálny deskriptor BX
Holdings
Stav stiahnutia (Blokovanie) (Withrawn status) Stav straty Zdroj klasifikácie pre skladovanie Stav poškodenia (Damaged status) Nie pre výpožičky (Not for loan) Spôsob nadobudnutia (Collection code) Trvalé umiestnenie Aktuálne umiestnenie Dátum nadobudnutia Inventárne číslo (prírastkové číslo) Full call number Čiarový kód Dátum posledného výskytu Cena s účinnosťou od Typ jednotky Koha
          Dar Mestská knižnica Giraltovce Mestská knižnica Giraltovce 2025-09-26 22291 S1589 S1589 2025-09-26 2025-09-26 Krásna literatúra pre dospelých

Powered by Koha